[Event "Warsaw YMCA Winter-D 182nd"]
[Site "Warsaw"]
[Date "2017.02.03"]
[Round "4"]
[White "Derylo, Kamil"]
[Black "Jamiolkowski, Antoni"]
[Result "1-0"]
[WhiteElo "1268"]
[BlackElo "1203"]
[PlyCount "143"]
[EventDate "2017.01.10"]
[EventType "tourn"]
[EventRounds "13"]
[EventCountry "POL"]
[SourceTitle "EXT 2019"]
[Source "ChessBase"]
[SourceDate "2018.10.10"]
[SourceVersion "1"]
[SourceVersionDate "2018.10.10"]
[SourceQuality "1"]

1. e4 c5 2. Nf3 e6 3. d4 cxd4 4. Nxd4 Nc6 5. Nc3 a6 6. Be2 Qc7 7. 0-0 Nf6 8. Be3 Be7 9. Nxc6 bxc6 10. f3 0-0 11. Na4 Rb8 12. Qd2 Rd8 13. Rad1 d5 14. e5 Nd7 15. f4 f6 16. Bg4 Nf8 17. Bd4 c5 18. exf6 cxd4 19. fxe7 Qxe7 20. Qf2 e5 21. Bxc8 Rdxc8 22. fxe5 Qxe5 23. Qxd4 Qxd4+ 24. Rxd4 Rc4 25. Rxc4 dxc4 26. b3 cxb3 27. axb3 Ne6 28. Rd1 Kf7 29. Rd6 a5 30. Rd5 Re8 31. Nc5 Nc7 32. Rd7+ Re7 33. Rxe7+ Kxe7 34. Kf2 Kf6 35. Nb7 Ke5 36. Ke2 Kd4 37. Kd2 Nd5 38. g3 Nc3 39. Nxa5 Ne4+ 40. Ke2 Nc3+ 41. Kd2 Ne4+ 42. Ke2 Nc3+ 43. Kf3 Nd5 44. Nc6+ Kc3 45. b4 Kxc2 46. b5 Kc3 47. Ke4 Nf6+ 48. Ke5 Kc4 49. Nd4 Kc5 50. h3 Kb6 51. g4 h6 52. Kf5 Kc5 53. Ke5 Kb6 54. Kf5 Kc5 55. Ne6+ Kxb5 56. Nxg7 Nd5 57. Ne6 Kc6 58. Nd4+ Kd6 59. Ke4 Kc5 60. Ne6+ Kd6 61. Nd4 Kc5 62. Ke5 Nc3 63. Nf5 Kc6 64. Nxh6 Kd7 65. g5 Ke7 66. g6 Kf8 67. Nf5 Kg8 68. h4 Kh8 69. h5 Nb5 70. g7+ Kh7 71. Kf6 Nc7 72. Kf7 1-0